000 01429cam a22003254a 4500
001 12842176
003 NUST-PNEC
005 20170116180711.0
008 020703s2002 nyua b 001 0 eng
010 _a 2002028842
020 _a0471203467
040 _cPNEC
042 _apcc
050 0 0 _aTP691
_b.S689 2002
082 0 0 _a665.5 SPE
100 1 _aSpeight, James G.
245 1 0 _aHandbook of petroleum product analysis /
_cJames G. Speight.
260 _aNew York :
_bWiley-Interscience,
_cc2002.
300 _axvi, 409 p. :
_bill. ;
_c24 cm.
500 _ahttp://www.amazon.fr/Handbook-Petroleum-Product-Analysis-Speight/dp/0471203467/ref=sr_1_1?ie=UTF8&qid=1413017203&sr=8-1&keywords=0471203467
504 _aIncludes bibliographical references and index.
650 0 _aPetroleum products
_xIME, ME
856 4 2 _3Contributor biographical information
_uhttp://www.loc.gov/catdir/bios/wiley043/2002028842.html
856 4 2 _3Publisher description
_uhttp://www.loc.gov/catdir/description/wiley036/2002028842.html
856 4 1 _3Table of contents
_uhttp://www.loc.gov/catdir/toc/wiley023/2002028842.html
856 4 2 _3Book review (E-STREAMS)
_uhttp://www.e-streams.com/es0612/es0612_2900.html
906 _a7
_bcbc
_corignew
_d1
_eocip
_f20
_gy-gencatlg
942 _2ddc
_cBK
999 _c60975
_d60975